000
00271nam a22001217a 4500
999
_c
153485
_d
153485
082
_a
_b
100
_a
Prabhakar Machvey
245
_a
Vrindavanlal Verma/
_c
by Prabhakar Machvey .
260
_a
Delhi:
_b
Rajpal,
_c
1990.
300
_a
100p.
650
_a
942
_c
BK